טוען...

Speaking of nature cure

מידע ביבליוגרפי
Main Authors: Lakshmana Sarma, K, Swaminathan, S
פורמט: Printed Book
יצא לאור: New Delhi, Sterling 1986
נושאים:
LEADER 004850000a22001690004500
020 |a 81-207-0632-3 
082 |a 615.535 M6 
100 |a Lakshmana Sarma, K 
100 |a Swaminathan, S 
245 |a Speaking of nature cure 
260 |a New Delhi, Sterling 
260 |c 1986 
465 |a R 40 
650 |a Naturopathy 
942 |c BK 
999 |c 10022  |d 10022 
952 |0 0  |1 0  |4 0  |6 615_535000000000000_M6  |7 0  |8 ENG  |9 9817  |a MGUL  |b MGUL  |d 2013-07-16  |e R 40  |l 0  |o 615.535 M6  |p 13425  |r 2019-03-26  |w 2013-07-16  |y BK